| 000 | 00430nam a22001337a 4500 | ||
|---|---|---|---|
| 082 |
_a509 _bSHI/E |
||
| 100 | _aSHIVANSHU | ||
| 245 | _aEXAMGURU SCIENCE | ||
| 260 |
_aDELHI _bFULL MARKS PVT LTD |
||
| 300 | _a476 | ||
| 520 | _aALL IN ONE PRACTICE MATERIALS, TOPICWISE QUESTIONS OF EVERY CHAPTER, CHAPTERWISE ASSIGNMENTS, 10 ,ODEL PRACTICE PAPERS, CBSE BOARD QUESTION PAPERS | ||
| 650 |
_aMATHEMATICS FOR CLASS X _zINDIA |
||
| 942 | _cBK | ||
| 999 |
_c1278 _d1278 |
||